| 000 | 00477nam a2200181Ia 4500 | ||
|---|---|---|---|
| 003 | OSt | ||
| 005 | 20230602113123.0 | ||
| 008 | 210423s2004 xx 000 0 und d | ||
| 040 | _cAL | ||
| 041 | _aeng | ||
| 082 |
_a301 _223 _bKUMF |
||
| 100 |
_aKUMAR (Krishan). _9118828 |
||
| 245 | _aFrom post industrial to post modern society. | ||
| 260 |
_aU S A _bBlackwell Science _c2004 |
||
| 365 |
_b795 _cINR |
||
| 906 | _aindustrial ; modern ; post ; society. | ||
| 942 |
_2ddc _cBK |
||
| 999 |
_c174768 _d174768 |
||